00000000nam##2200000za#4500
0019.569651
003CaOODSP
00520210624181853
007cr |||||||||||
008150406|1991||||xxc|||||o    f|0| 0 eng|d
040 |aCaOODSP|beng
043 |an-cn---
0861 |aNH18-1/141-1991E-PDF
1102 |aCanada Mortgage and Housing Corporation.
24510|aHousing the elderly : |h[electronic resource]|ba comparison of Canadian and United States experience / |cby Stephen M. Golant, Eric G. Moore and Mark W. Rosenberg.
260 |aOttawa - Ontario : |bCanada Mortgage and Housing Corporation |c[1991].
300 |a141p.|bfigs., graphs, references, tables
4901 |aResearch report
546 |a(Résumé en français.)
590 |a12-28-Supp|b2012-06-15
7201 |aMoore, Eric G.
7201 |aGolant, Stephen M.
7201 |aRosenberg, Mark W.
830#0|aResearch report (Canada Mortgage and Housing Corporation : Online)|w(CaOODSP)9.506068
85640|ahttp://publications.gc.ca|qPDF|s2 MB|uhttps://publications.gc.ca/collections/collection_2011/schl-cmhc/nh18-1/NH18-1-141-1991-eng.pdf